Online katalóg knižníc regiónu Turca

Filipa Fišerová a dcéra vládkyne snov (Record no. 20822)

MARC details
000 -LEADER
fixed length control field 01675cam a2200529 a 4500
001 - CONTROL NUMBER
control field 20822
003 - CONTROL NUMBER IDENTIFIER
control field VRT
005 - DATE AND TIME OF LATEST TRANSACTION
control field 20260204164144.0
008 - FIXED-LENGTH DATA ELEMENTS--GENERAL INFORMATION
fixed length control field 100831s2010 xo a j 000 j slo d
015 ## - NATIONAL BIBLIOGRAPHY NUMBER
National bibliography number SNBA2010/06-03153
020 ## - INTERNATIONAL STANDARD BOOK NUMBER
International Standard Book Number 9788080859718 (viaz.)
035 ## - SYSTEM CONTROL NUMBER
System control number (VRT)vtls010078202
039 #9 - LEVEL OF BIBLIOGRAPHIC CONTROL AND CODING DETAIL [OBSOLETE]
Level of rules in bibliographic description 201010130928
Level of effort used to assign nonsubject heading access points muro
Level of effort used to assign subject headings 201010071255
Level of effort used to assign classification scepkova
Level of effort used to assign subject headings 201010040758
Level of effort used to assign classification scepkova
Level of effort used to assign subject headings 201008310949
Level of effort used to assign classification edita
040 ## - CATALOGING SOURCE
Original cataloging agency PPPK
Language of cataloging slo
Transcribing agency UKB
Modifying agency SNK
Description conventions AACR2
041 1# - LANGUAGE CODE
Language code of text/sound track or separate title slo
Language code of original eng
044 ## - COUNTRY OF PUBLISHING/PRODUCING ENTITY CODE
MARC country code xo
ISO country code SK
072 #7 - SUBJECT CATEGORY CODE
Subject category code 821.111-3
Subject category code subdivision Anglická próza, anglicky písaná
Source konspekt
072 #7 - SUBJECT CATEGORY CODE
Subject category code 821-93
Subject category code subdivision Literatúra pre deti a mládež
Source konspekt
080 ## - UNIVERSAL DECIMAL CLASSIFICATION NUMBER
Universal Decimal Classification number 821.111-32
Edition identifier 2004
080 ## - UNIVERSAL DECIMAL CLASSIFICATION NUMBER
Universal Decimal Classification number 821-93
Edition identifier 2004
080 ## - UNIVERSAL DECIMAL CLASSIFICATION NUMBER
Universal Decimal Classification number (0:82-32)
Edition identifier 2004
100 1# - MAIN ENTRY--PERSONAL NAME
Personal name Kessler, Liz
240 10 - UNIFORM TITLE
Uniform title Philippa Fisher and the dream maker’s daughter.
Language of a work Slovensky
245 10 - TITLE STATEMENT
Title Filipa Fišerová a dcéra vládkyne snov
Statement of responsibility, etc. [text Liz Kessler] ; ilustrovala Katie May ; [z anglického originálu preložila Jana Melcerová]
260 ## - PUBLICATION, DISTRIBUTION, ETC.
Place of publication, distribution, etc. [Bratislava]
Name of publisher, distributor, etc. Slovart
Date of publication, distribution, etc. 2010
300 ## - PHYSICAL DESCRIPTION
Extent 248 s.
Other physical details il.
653 ## - INDEX TERM--UNCONTROLLED
Uncontrolled term 821.111-32
653 ## - INDEX TERM--UNCONTROLLED
Uncontrolled term 821-93
653 ## - INDEX TERM--UNCONTROLLED
Uncontrolled term (0:82-32)
655 #7 - INDEX TERM--GENRE/FORM
Genre/form data or focus term anglické príbehy
Source of term UKBPH
655 #7 - INDEX TERM--GENRE/FORM
Genre/form data or focus term publikácie pre deti
Source of term UKBPH
700 1# - ADDED ENTRY--PERSONAL NAME
Personal name May, Katie
Relationship ill
700 1# - ADDED ENTRY--PERSONAL NAME
Personal name Melcerová, Jana
Relationship trl
910 ## - USER-OPTION DATA (OCLC)
User-option data pppk
910 ## - USER-OPTION DATA (OCLC)
User-option data pokpoh
910 ## - USER-OPTION DATA (OCLC)
User-option data skpk
910 ## - USER-OPTION DATA (OCLC)
User-option data ttkjf
910 ## - USER-OPTION DATA (OCLC)
User-option data sllk
910 ## - USER-OPTION DATA (OCLC)
User-option data snk
910 ## - USER-OPTION DATA (OCLC)
User-option data ukb
942 ## - ADDED ENTRY ELEMENTS (KOHA)
Source of classification or shelving scheme Dewey Decimal Classification
Koha item type Krásna literatúra pre deti
Suppress in OPAC No
949 ## - LOCAL PROCESSING INFORMATION (OCLC)
6 1800480042
a SL.D.78278
b PV.8035-2010
949 ## - LOCAL PROCESSING INFORMATION (OCLC)
6 1800480043
a SK.D.46630
b PV.8036-2010
s 6707:20101014
980 ## - EQUIVALENCE OR CROSS-REFERENCE-SERIES STATEMENT--PERSONAL NAME/TITLE [LOCAL, CANADA]
Personal name 821.111-93
980 ## - EQUIVALENCE OR CROSS-REFERENCE-SERIES STATEMENT--PERSONAL NAME/TITLE [LOCAL, CANADA]
Personal name 821.111-32
Holdings
Stav vyradenia Strata Poškodenie Spôsob nadobudnutia Domovská knižnica Aktuálna knižnica Dátum nadobudnutia Total checkouts Čiarový kód exemplára Date last seen Typ exemplára
      Dar Obecná knižnica Belá-Dulice Obecná knižnica Belá-Dulice 04.02.2026   4735903370 04.02.2026 Krásna literatúra pre deti
Projekt je podporený Slovenskou asociáciou knižníc
Prevádzkuje Turčianska knižnica Martin 2026